Cấu hình xã hội cộng đồng công giáo Bắc di cư tại Nam Bộ Từ kích thước cộng đồng đến kích thước cá nhân

Trình bày quan điểm, lý thuyết, phương pháp luận và phương pháp nghiên cứu cộng đồng và cá nhân. Tổng quan về hai cộng đồng công giáo di cư năm 1954 tại Nam Bộ: Hồ Nai và Cái Sắn. Nghiên cứu gia đình, dòng họ, tổ chức cộng đồng theo giáo...

Cur síos iomlán

Đã lưu trong:
Sonraí Bibleagrafaíochta
Príomhúdar: Nguyễn, Đức Lộc
Formáid: Leabhar
Teanga:Undetermined
Foilsithe: Tp. Hồ Chí Minh Đại học Quốc gia Tp. Hồ Chí Minh 2013
Ábhair:
Rochtain Ar Líne:http://lrc.tdmu.edu.vn/opac/search/detail.asp?aID=2&ID=22064
Clibeanna: Cuir Clib Leis
Gan Chlibeanna, Bí ar an gcéad duine leis an taifead seo a chlibeáil!
Thư viện lưu trữ: Trung tâm Học liệu Trường Đại học Thủ Dầu Một
LEADER 01570nam a2200217Ia 4500
001 TDMU_22064
008 210410s9999 xx 000 0 und d
082 |a 275.97 
090 |b NG527 
100 |a Nguyễn, Đức Lộc 
245 0 |a Cấu hình xã hội cộng đồng công giáo Bắc di cư tại Nam Bộ 
245 0 |b Từ kích thước cộng đồng đến kích thước cá nhân 
245 0 |c Nguyễn Đức Lộc 
260 |a Tp. Hồ Chí Minh 
260 |b Đại học Quốc gia Tp. Hồ Chí Minh 
260 |c 2013 
300 |a 160tr. 
520 |a Trình bày quan điểm, lý thuyết, phương pháp luận và phương pháp nghiên cứu cộng đồng và cá nhân. Tổng quan về hai cộng đồng công giáo di cư năm 1954 tại Nam Bộ: Hồ Nai và Cái Sắn. Nghiên cứu gia đình, dòng họ, tổ chức cộng đồng theo giáo xứ, bộ máy quản lý nhà nước và cấu trúc quyền lực, nền tảng giáo dục kép, xu hướng lựa chọn nghề nghiệp và những chiến lược sống của cộng đồng người công giáo di cư 
650 |a Cộng đồng xã hội  |x di cư  |z Nam Bộ (Việt Nam); Di cư  |x Đạo công giáo  |z Niềm Bắc (Việt Nam) 
856 |u http://lrc.tdmu.edu.vn/opac/search/detail.asp?aID=2&ID=22064 
980 |a Trung tâm Học liệu Trường Đại học Thủ Dầu Một